LEADER 05074nam 2200901 450 001 9910816185703321 005 20230808212906.0 010 $a0-520-96428-4 024 7 $a10.1525/9780520964280 035 $a(CKB)3710000000529873 035 $a(EBL)4068967 035 $a(SSID)ssj0001581777 035 $a(PQKBManifestationID)16258511 035 $a(PQKBTitleCode)TC0001581777 035 $a(PQKBWorkID)12539940 035 $a(PQKB)10114424 035 $a(MiAaPQ)EBC4068967 035 $a(DE-B1597)520491 035 $a(OCoLC)931877602 035 $a(DE-B1597)9780520964280 035 $a(Au-PeEL)EBL4068967 035 $a(CaPaEBR)ebr11153297 035 $a(EXLCZ)993710000000529873 100 $a20160216h20162016 uy 0 101 0 $aeng 135 $aurnnu---|u||u 181 $ctxt 182 $cc 183 $acr 200 10$aOur energy future $eintroduction to renewable energy and biofuels /$fCarla S. Jones, Stephen P. Mayfield 210 1$aOakland, California :$cUniversity of California Press,$d2016. 210 4$d©2016 215 $a1 online resource (208 p.) 300 $aDescription based upon print version of record. 311 0 $a0-520-27877-1 320 $aIncludes bibliographical references and index. 327 $tFront matter --$tCONTENTS --$tACKNOWLEDGMENTS --$tPREFACE --$tCHAPTER ONE. Overview of Energy Usage in the United States and the World --$tCHAPTER TWO. Why Fossil Fuels Energize Our Society --$tCHAPTER THREE. The Impact of Energy Usage on Climate Change --$tCHAPTER FOUR. Methods for Reducing Our Fossil Fuel Usage: Renewable Energy Sources and Uses --$tCHAPTER FIVE. Linking Food and Fuel: The Impact of Industrial Agriculture --$tCHAPTER SIX. The Past and Present of Bioethanol: Corn, Sugarcane, and Cellulosics --$tCHAPTER SEVEN. Biofuels from Fats and Oils: Biodiesel --$tCHAPTER EIGHT. Gaseous Biofuels: Biogas and Biohydrogen --$tCHAPTER NINE. Aquatic Versatility for Biofuels: Cyanobacteria, Diatoms, and Algae --$tCHAPTER TEN. Biochemistry and Biotechnology for Biofuels Development --$tCHAPTER ELEVEN. Thermochemical Conversion Technologies --$tCHAPTER TWELVE. Environmental Impacts of Biofuels: Water, Land, and Nutrients --$tCHAPTER THIRTEEN. Life Cycle Assessments for Evaluating Biofuels Production --$tCHAPTER FOURTEEN. Economics and Politics of Biofuels --$tCHAPTER FIFTEEN. Our Energy Future: The Prospects for Developing and Using Sustainable Biofuels --$tVOCABULARY --$tREFERENCES --$tINDEX 330 $aOur Energy Future is an introductory textbook for the study of energy production, alternative and renewable fuels, and ways to build a sustainable energy future. Jones and Mayfield explore the creation and history of fossil fuels, their impact on the environment, and how they have become critical to our society. The authors also outline how adopting sustainable biofuels will be key to the future of energy stability and discuss a number of renewable energy options and biofuel feedstocks that are replacements for petroleum-based products. Our society is consuming energy at an alarming rate, and the authors warn that continuing fuel-usage patterns could permanently damage the environment. This book emphasizes the importance of continued scientific, agricultural, and engineering development while it outlines the political and environmental challenges that will accompany a complete shift from fossil fuels to renewable energy and biomass. Our Energy Future is an accessible resource for undergraduate students studying biofuels and bioenergy. 606 $aBiomass energy$vTextbooks 606 $aBiomass energy$xEnvironmental aspects$vTextbooks 606 $aRenewable energy sources$vTextbooks 606 $aFossil fuels$xHistory$vTextbooks 606 $aFossil fuels$xEnvironmental aspects 610 $aalternative fuels. 610 $abiofuel feedstocks. 610 $abiofuels. 610 $abiomass. 610 $acreation of fossil fuels. 610 $aenergy production. 610 $aenergy stability. 610 $aenergy textbook. 610 $aenvironmental impact of fossil fuels. 610 $afuel usage patterns. 610 $ahistory of fossil fuels. 610 $apetroleum based fuels. 610 $areliance on fossil fuels. 610 $arenewable energy options. 610 $arenewable energy. 610 $arenewable fuels. 610 $ascientific study of fuel. 610 $astudy of energy production. 610 $asustainable biofuels. 610 $asustainable energy. 615 0$aBiomass energy 615 0$aBiomass energy$xEnvironmental aspects 615 0$aRenewable energy sources 615 0$aFossil fuels$xHistory 615 0$aFossil fuels$xEnvironmental aspects. 676 $a662/.88 700 $aJones$b Carla S.$f1981-$01622482 702 $aMayfield$b Stephen P.$f1955- 801 0$bMiAaPQ 801 1$bMiAaPQ 801 2$bMiAaPQ 906 $aBOOK 912 $a9910816185703321 996 $aOur energy future$93956370 997 $aUNINA LEADER 02548nam 2200445z- 450 001 9910332058203321 005 20220303123648 010 $a9791035101497 035 $a(CKB)4100000008789132 035 $a(oapen)https://directory.doabooks.org/handle/20.500.12854/43359 035 $a(PPN)267968493 035 $a(FR-PaCSA)88924516 035 $a(FRCYB88924516)88924516 035 $a(oapen)doab43359 035 $a(EXLCZ)994100000008789132 100 $a20260304d2019 u| | 101 0 $afre 135 $aurmn|---annan 181 $ctxt$2rdacontent 182 $cc$2rdamedia 183 $acr$2rdacarrier 200 00$aClément 210 1$aParis, France$cEditions de la Sorbonne$d2019 215 $a1 online resource 311 08$a9782859448752 311 08$a2859448756 330 $aCeci n'est pas une biographie. Ni une histoire de la papauté sous le règne du pape Clément VI (1342-1352), non plus qu'une monographie consacrée à sa prédication et à sa bibliothèque. Si ce livre tient un peu des trois, son propos est différent. Il fait entrer dans l'atelier de travail d'un intellectuel de la première moitié du xive siècle, Pierre Roger, devenu professeur à l'université de Paris, cardinal puis pape sous le nom de Clément VI. Ses livres et sa parole ont été les instruments essentiels de son parcours et de son exercice du pouvoir. Leur étude montre la construction d'une pensée et d'une action politiques, saisies dans leur exercice concret. Trajectoire sociale et discours savant se construisent l'un par l'autre dans une histoire qui lie les savoirs rhétoriques, théologiques et scolastiques, et le pouvoir d'une papauté affaiblie par l'échec du projet théocratique de Boniface VIII et reformulant son ambition institutionnelle lors du séjour avignonnais. Étudier Clément VI au travail permet de mieux comprendre cette figure de pape éloquent, savant et mécène, et surtout d'éclairer un moment charnière dans l'usage gouvernemental des savoirs médiévaux et dans l'interrogation de l'Église sur elle-même et sur sa place dans la société du xive siècle. 517 $aClément VI au travail 606 $aBiography and non-fiction prose$2bicssc 610 $ahistoriographie médiévale 610 $amonastère 610 $apapauté 610 $apape 615 7$aBiography and non-fiction prose 700 $aAnheim$b Étienne$01282520 801 0$bFR-PaCSA 906 $aBOOK 912 $a9910332058203321 996 $aClément$94426467 997 $aUNINA